00676nam a2200241 a 4500001001300000003000900013005001700022008004100039020001000080082001700090100003200107245002100139260003900160300000900199500003500208505002100243650001100264700003200275902000800307942000700315952009700322999001500419nice12345678IN_TiNIC20260116011535.0050524s1867 mada grp 000 0 per  ac10000a297.42bQAD3 aQadri, Syed Shah Abdul Late aJawaherul Haqaiq aMadrasbMazharul Ajaib Pressc1867 a182p aincludes index and biblioraphy2 avol.1 and 4 only aSufism1 aQadri, Syed Shah Abdul Late bRBA cBK 00104070aHMIbHMId2007-07-03g100.00l0o297.42 QAD3p4241r2007-07-03w2026-01-16yARB c2463d2463